[Event "Riga Tech op-A"]
[Site "Riga"]
[Date "2019.08.05"]
[Round "1"]
[White "Kulaots, Kaido"]
[Black "Bolsakovs, Vadims"]
[Result "1/2-1/2"]
[WhiteElo "2565"]
[BlackElo "2214"]
[PlyCount "111"]
[EventDate "2019.08.05"]
[EventType "swiss"]
[EventRounds "9"]
[EventCountry "LAT"]
[SourceTitle "CBM 191 Extra"]
[Source "ChessBase"]
[SourceDate "2019.09.30"]
[SourceVersion "1"]
[SourceVersionDate "2019.09.30"]
[SourceQuality "1"]

1. e4 c6 2. Nc3 d5 3. d4 dxe4 4. Nxe4 Nd7 5. Ng5 Ngf6 6. Bd3 e6 7. N1f3 Bd6 8. Qe2 h6 9. Ne4 Nxe4 10. Qxe4 Nf6 11. Qe2 b6 12. Bd2 Bb7 13. 0-0-0 Qc7 14. Ne5 0-0-0 15. f4 c5 16. dxc5 Bxc5 17. Kb1 Kb8 18. Rhe1 Rhe8 19. a3 Nd5 20. c4 Nf6 21. Bc3 Bd4 22. Nxf7 Bxc3 23. Nxd8 Bxe1 24. Nxb7 Bh4 25. Bg6 Qxb7 26. g3 Rc8 27. gxh4 Qc7 28. Rd4 Qc5 29. Qe5+ Kb7 30. Bd3 Rc7 31. b4 Qxe5 32. fxe5 Rd7 33. Rf4 Rxd3 34. exf6 gxf6 35. Rxf6 Rxa3 36. Kb2 Rh3 37. Rxh6 a5 38. bxa5 bxa5 39. Rh8 a4 40. h5 a3+ 41. Ka2 Rc3 42. h6 Rxc4 43. Kxa3 Rh4 44. Kb3 Kc6 45. Kc3 Kd5 46. h7 Ke5 47. Kd3 Rxh2 48. Ke3 Rh3+ 49. Kf2 Rh6 50. Kg3 Kf6 51. Kf4 Kg7 52. Re8 Kxh7 53. Ke5 Kg7 54. Re7+ Kf8 55. Rxe6 Rxe6+ 56. Kxe6 1/2-1/2

[Event "LAT-ch"]
[Site "Riga"]
[Date "2019.05.05"]
[Round "9"]
[White "Bolsakovs, Vadims"]
[Black "Semjonovs, Ilja"]
[Result "0-1"]
[WhiteElo "2199"]
[BlackElo "2404"]
[PlyCount "65"]
[EventDate "2019.04.29"]
[EventType "swiss"]
[EventRounds "9"]
[EventCountry "LAT"]
[SourceTitle "CBM 190 Extra"]
[Source "ChessBase"]
[SourceDate "2019.07.15"]
[SourceVersion "1"]
[SourceVersionDate "2019.07.15"]
[SourceQuality "1"]

1. d4 Nf6 2. c4 g6 3. Nc3 d5 4. Nf3 Bg7 5. h4 c6 6. Bf4 a6 7. e3 b5 8. cxd5 cxd5 9. a4 b4 10. Na2 a5 11. Nc1 Ba6 12. Bxa6 Rxa6 13. Qd3 Ra8 14. Qb5+ Nbd7 15. Nb3 0-0 16. Ne5 Nxe5 17. dxe5 Nd7 18. Qxd5 Nxe5 19. Rd1 Qxd5 20. Rxd5 Nc4 21. Ke2 Nxb2 22. Nxa5 Nxa4 23. Kf3 Rfc8 24. Nb3 Nc3 25. Ra5 Rxa5 26. Nxa5 e5 27. Bg3 f5 28. Bh2 Ra8 29. Nc4 e4+ 30. Kg3 Ra2 31. Kh3 b3 32. g4 fxg4+ 33. Kxg4 0-1

[Event "Riga Tech op 8th"]
[Site "Riga"]
[Date "2018.08.10"]
[Round "7"]
[White "Rostgaard, Tobias Valentin"]
[Black "Bolsakovs, Vadims"]
[Result "1-0"]
[WhiteElo "2386"]
[BlackElo "2197"]
[PlyCount "147"]
[EventDate "2018.08.06"]
[EventType "swiss"]
[EventRounds "9"]
[EventCountry "LAT"]
[SourceTitle "CBM 185 Extra"]
[Source "ChessBase"]
[SourceDate "2018.07.29"]
[SourceVersion "1"]
[SourceVersionDate "2018.07.29"]
[SourceQuality "1"]

1. e4 c6 2. d4 d5 3. exd5 cxd5 4. Bd3 Nc6 5. c3 Nf6 6. Bf4 g6 7. Nd2 Bf5 8. Bxf5 gxf5 9. h4 Rg8 10. Ne2 e6 11. Kf1 Ne4 12. f3 Nf6 13. h5 Bd6 14. Qe1 Bxf4 15. Nxf4 Qd6 16. Qe3 0-0-0 17. Re1 Rg3 18. Ne2 Rg7 19. Qh6 Ne8 20. Nb3 Ne7 21. Nc5 b6 22. Nd3 Ng8 23. Qe3 h6 24. Ne5 Kb7 25. a4 Nef6 26. a5 Nd7 27. axb6 Nxe5 28. dxe5 Qxb6 29. Qd2 Ne7 30. Rh4 Nc6 31. Nd4 Rdg8 32. Re2 Rg3 33. Qe3 Qa6 34. Rh2 Nxd4 35. cxd4 Ka8 36. Kf2 R3g5 37. Rc2 Qa4 38. Qc3 Rb8 39. Rh1 Rgg8 40. Rhc1 Rgc8 41. Qd2 Rxc2 42. Rxc2 Qb4 43. Qe3 Qb3 44. Rd2 Qc4 45. Qxh6 Qc1 46. Qe3 Qh1 47. Qg5 Rh8 48. Rc2 Qxh5 49. Qxh5 Rxh5 50. Rc7 Rh7 51. Ke3 Rg7 52. b4 Kb8 53. Re7 a6 54. g3 Ka8 55. Kf4 Kb8 56. g4 fxg4 57. fxg4 Ka8 58. g5 Kb8 59. g6 Rxg6 60. Rxf7 Rg1 61. Rf6 Re1 62. Rxe6 Re4+ 63. Kf5 Rxd4 64. Rxa6 Rxb4 65. Rd6 d4 66. e6 Kc7 67. e7 Kxd6 68. e8Q Kd5 69. Qe6+ Kc5 70. Ke4 Kb5 71. Kd5 Ka4 72. Qa6+ Kb3 73. Qd3+ Kb2 74. Kc5 1-0

[Event "EU-ch rapid"]
[Site "Katowice"]
[Date "2017.12.16"]
[Round "5"]
[White "Bolsakovs, Vadims"]
[Black "Miezis, Normunds"]
[Result "0-1"]
[WhiteElo "2128"]
[BlackElo "2434"]
[PlyCount "96"]
[EventDate "2017.12.16"]
[EventType "swiss (rapid)"]
[EventRounds "11"]
[EventCountry "POL"]
[SourceTitle "CBM 182 Extra"]
[Source "ChessBase"]
[SourceDate "2018.02.23"]
[SourceVersion "1"]
[SourceVersionDate "2018.02.23"]
[SourceQuality "1"]

1. d4 Nf6 2. Nf3 e6 3. c4 Bb4+ 4. Bd2 a5 5. Qc2 d5 6. cxd5 exd5 7. Nc3 c6 8. Bg5 h6 9. Bh4 0-0 10. e3 Re8 11. Bd3 Bd6 12. 0-0 Bg4 13. Bh7+ Kh8 14. Bf5 Bxf5 15. Qxf5 Qd7 16. Qc2 Ne4 17. Nxe4 Rxe4 18. Bg3 Bxg3 19. hxg3 Qe8 20. Ne5 Nd7 21. f3 Rxe3 22. Qf2 Rxe5 23. dxe5 Qxe5 24. Rfe1 Qd6 25. Re2 d4 26. Rd1 c5 27. Qe3 Kg8 28. Qe4 Rb8 29. Rc1 b6 30. b3 Qxg3 31. Qe7 Nf6 32. Rce1 Nd5 33. Qe5 Qxe5 34. Rxe5 Nf6 35. Kf2 Rd8 36. Re7 Kf8 37. Rb7 Nd5 38. Re5 g6 39. Ke2 Nc3+ 40. Kd3 Rd6 41. a3 h5 42. Ree7 Rf6 43. Red7 Nb5 44. Rd8+ Kg7 45. Rdb8 Nxa3 46. Rxb6 Rf5 47. Ra8 Re5 48. Rxa5 c4+ 0-1

[Event "EU-ch blitz"]
[Site "Katowice"]
[Date "2017.12.15"]
[Round "13"]
[White "Miton, Kamil"]
[Black "Bolsakovs, Vadims"]
[Result "1-0"]
[WhiteElo "2584"]
[BlackElo "2128"]
[PlyCount "74"]
[EventDate "2017.12.15"]
[EventType "swiss (blitz)"]
[EventRounds "22"]
[EventCountry "POL"]
[SourceTitle "CBM 182 Extra"]
[Source "ChessBase"]
[SourceDate "2018.02.23"]
[SourceVersion "1"]
[SourceVersionDate "2018.02.23"]
[SourceQuality "1"]

1. d4 d5 2. c4 dxc4 3. e4 Nf6 4. e5 Nd5 5. Bxc4 Nb6 6. Bb3 Nc6 7. Be3 Bf5 8. Ne2 e6 9. a3 Be7 10. Nbc3 0-0 11. 0-0 Na5 12. Bc2 Bxc2 13. Qxc2 Nac4 14. Rad1 Nd5 15. Bc1 Rc8 16. Ne4 Ncb6 17. Rd3 c5 18. dxc5 Nd7 19. Rh3 g6 20. b4 b6 21. c6 Nxe5 22. b5 f5 23. N4c3 Nxc3 24. Rxc3 Bf6 25. Rd1 Qe7 26. Re3 Rc7 27. a4 Ng4 28. Red3 Re8 29. Rd7 Rxd7 30. Rxd7 Qb4 31. Bd2 Qa3 32. h3 Ne5 33. Rxa7 Qa1+ 34. Qc1 Qa2 35. Nf4 Nc4 36. Bc3 e5 37. Nd5 Bd8 1-0

[Event "LAT-ch"]
[Site "Riga"]
[Date "2016.04.30"]
[Round "1"]
[White "Krivonosov, Oleg"]
[Black "Bolsakovs, Vadims"]
[Result "1-0"]
[WhiteElo "2464"]
[BlackElo "2168"]
[PlyCount "61"]
[EventDate "2016.04.30"]
[EventType "swiss"]
[EventRounds "9"]
[EventCountry "LAT"]
[SourceTitle "CBM 172 Extra"]
[Source "ChessBase"]
[SourceDate "2016.06.21"]
[SourceVersion "1"]
[SourceVersionDate "2016.06.21"]
[SourceQuality "1"]

1. Nf3 b6 2. g3 Bb7 3. Bg2 e6 4. c4 g6 5. 0-0 Bg7 6. d4 d6 7. Nc3 Ne7 8. e4 Nd7 9. h3 0-0 10. Be3 h6 11. Qd2 Kh7 12. Nh2 e5 13. f4 Qc8 14. Rad1 exd4 15. Bxd4 Nf6 16. Nd5 Nexd5 17. cxd5 Qd7 18. Qc3 Ne8 19. Bxg7 Nxg7 20. Ng4 Nh5 21. e5 Rae8 22. Kh2 Ba6 23. Rfe1 Re7 24. e6 fxe6 25. Rxe6 c5 26. Qe3 Rfe8 27. f5 Rxe6 28. Qxh6+ Kg8 29. dxe6 Qg7 30. Qg5 Be2 31. f6 1-0